=LDR 00000nam 2200000 4500 =001 NUTBA000000000005224 =005 20141027084051.0 =006 =007 =008 =035 ##$$a 0010-101400000000454 =040 ##$$a NBPDMAT =082 ##$$a 958.8 =090 ##$$a 958.8 End m =100 ##$$a Endang Sri Nuryani =245 ##$$a Mengenal kebudayaan suku-suku bangsa Indonesia / Endang Sri Nuryani, Handi Hartanto. -- =260 ##$$a Bandung : Angkasa. ; 2007 =300 ##$$a vii, 76 hlm. : ilus. ; 20 cm =500 ##$$a Bibliografi hlm : 76 =650 ##$$a Kebudayaan Indonesia =700 ##$$a Handi Hartanto =850 ##$$a NBPDMAT